| 000 | 01028nam a22002897a 4500 | ||
|---|---|---|---|
| 001 | 5192 | ||
| 003 | FISKH | ||
| 005 | 20241118153507.0 | ||
| 008 | 241118b cb ||||| |||| 00| 0 eng d | ||
| 020 | _a9780590203623 | ||
| 040 |
_aFISKH _beng _cFISKH _dFISKH |
||
| 050 | _aE184.K45 | ||
| 082 | _a973.049593 | ||
| 100 | _aGraff, Nancy Price | ||
| 245 |
_aWhere the River Runs : _bA Portrait of of Refugee Family / _cby Nancy Price Graff : Photographs Richard Howard |
||
| 260 |
_aNew York : _bScholastic ; _c1993 . |
||
| 300 |
_a71 pages : _bcolor illustrations ; _c26 cm . |
||
| 505 | _aZ | ||
| 520 | _aDescribes the experiences of a family of Cambodian refugees as they learn to adjust to a different way of life in the United States while holding on to their ethnic heritage. | ||
| 521 | 8 |
_a1340
_bLexile |
|
| 521 | 8 |
_aZ
_bRaz-Plus |
|
| 650 |
_aimmigrants _vnon-fiction |
||
| 650 |
_ainformational _vnon-fiction |
||
| 700 |
_aHoward, Richard _ePhotographer |
||
| 942 |
_2ddc _cBK _n0 |
||
| 999 |
_c5192 _d5192 |
||